UM Logo
Normal view MARC view
  • Carlas L. McCauley.

Entry Personal Name

Number of records used in: 1

001 - CONTROL NUMBER

  • control field: 61172

003 - CONTROL NUMBER IDENTIFIER

  • control field: OSt

005 - DATE AND TIME OF LATEST TRANSACTION

  • control field: 20250124160200.0

008 - FIXED-LENGTH DATA ELEMENTS

  • fixed length control field: 240916|| aca||aabn | a|a d

040 ## - CATALOGING SOURCE

  • Original cataloging agency: OSt
  • Transcribing agency: OSt

100 ## - HEADING--PERSONAL NAME

  • Personal name: Carlas L. McCauley.
  • Relator term: author.

670 ## - SOURCE DATA FOUND

  • Source citation: Work cat.: (OSt): Carlas L. Mccauley. author., Allocating recovery funding :, Spring 2023.